Ville les plus peuplées de l'Ardèche 07 - Statistiques

Statistiques générales
  • Ce quiz a été pris 80 fois
  • Le résultat moyen est 8 sur 15
Statistiques - réponses
Population Ville % Correct
8 567 Privas
98%
12 403 Aubenas
91%
16 359 Annonay
89%
10 835 Tournon-sur-Rhône
73%
8 841 Le Teil
61%
10 965 Guilherand-Granges
55%
7 538 Saint-Péray
44%
3 495 Vals-les-Bains
41%
7 187 Bourg-Saint-Andéol
38%
3 144 Davézieux
36%
3 069 Cruas
32%
4 828 La Voulte-sur-Rhône
32%
3 667 Viviers
30%
3 028 Villeneuve-de-Berg
27%
3 044 Charmes-sur-Rhône
23%
Aucun quiz correspondant
Distribution des résultats
% des personnes avec chaque résultat
Percentile par nombre de réponses
Votre historique - résultats
Vous n’avez pas pris ce quiz